Science Quiz

Random Science or Physics Quiz

Man-Made Elements Quiz Stats

 Plays Quiz not verified by Sporcle

Also try: 30 Second Math
Challenge
Share
Tweet
Embed
Score 0/28 Timer 05:00
0 Plays Today
Atomic # Element % Correct
99Einsteinium
88%
106Seaborgium
80%
116Livermorium
80%
94Plutonium
80%
98Californium
80%
102Nobelium
76%
104Rutherfordium
76%
112Copernicium
76%
103Lawrencium
72%
109Meitnerium
72%
93Neptunium
72%
97Berkelium
72%
43Technetium
68%
101Mendelevium
68%
Atomic # Element % Correct
110Darmstadtium
68%
113Ununtrium
68%
114Flerovium
68%
115Ununpentium
68%
117Ununseptium
68%
118Ununoctium
68%
95Americium
68%
105Dubnium
64%
107Bohrium
64%
111Roentgenium
64%
100Fermium
60%
96Curium
60%
108Hassium
56%
61Promethium
48%

You're not logged in!

Compare scores with friends on all Sporcle quizzes.
OR
Log In

You Might Also Like...

Show Comments

Extras

Top Quizzes Today


Score Distribution

Your Account Isn't Verified!

In order to create a playlist on Sporcle, you need to verify the email address you used during registration. Go to your Sporcle Settings to finish the process.

Report this User

Report this user for behavior that violates our Community Guidelines.

Details: